Композит нового поколения; Прогрессивные технологии и экономика в машиностроении

書目詳細資料
Parent link:Прогрессивные технологии и экономика в машиностроении.— 2014.— [С. 25-27]
主要作者: Серикбол А.
企業作者: Национальный исследовательский Томский политехнический университет (ТПУ) Юргинский технологический институт (филиал) (ЮТИ) Кафедра металлургии и черных металлов (МЧМ)
其他作者: Бабакова Е. В. Елена Владимировна (научный руководитель)
總結:Заглавие с экрана
語言:俄语
出版: 2014
叢編:Современное металлургическое производствои контроль качества
主題:
在線閱讀:http://earchive.tpu.ru/handle/11683/73638
格式: 電子 Book Chapter
KOHA link:https://koha.lib.tpu.ru/cgi-bin/koha/opac-detail.pl?biblionumber=614647

MARC

LEADER 00000naa2a2200000 4500
001 614647
005 20241015145301.0
035 |a (RuTPU)RU\TPU\conf\12817 
035 |a RU\TPU\conf\12815 
090 |a 614647 
100 |a 20151009d2014 k y0rusy50 ca 
101 0 |a rus  |g rus 
102 |a RU 
105 |a y z 100zy 
135 |a drcn ---uucaa 
181 0 |a i  
182 0 |a b 
200 1 |a Композит нового поколения  |f А. Серикбол  |g науч. рук. Е. В. Бабакова 
203 |a Текст  |c электронный 
215 |a 1 файл(390 Кб) 
225 1 |a Современное металлургическое производствои контроль качества 
230 |a Электронные текстовые данные (1 файл: 390 Кб) 
300 |a Заглавие с экрана 
320 |a [Библиогр.: с. 27 (5 назв.)] 
337 |a Adobe Reader 
463 1 |0 (RuTPU)RU\TPU\conf\11902  |t Прогрессивные технологии и экономика в машиностроении  |o сборник трудов V Всероссийской научно-практической конференции для студентов и учащейся молодежи, 3-5 апреля 2014 г. Юрга  |f Национальный исследовательский Томский политехнический университет (ТПУ), Юргинский технологический институт (ЮТИ) ; отв. ред. Д. А. Чинахов  |v [С. 25-27]  |d 2014 
610 1 |a электронный ресурс 
610 1 |a труды учёных ТПУ 
610 1 |a композиты 
610 1 |a графены 
610 1 |a аэрогели 
700 1 |a Серикбол  |b А. 
702 1 |a Бабакова  |b Е. В.  |c специалист в области машиностроения  |c старший преподаватель Юргинского технологического института (филиала) Томского политехнического университета  |f 1989-  |g Елена Владимировна  |2 stltpush  |4 727  |9 15803 
712 0 2 |a Национальный исследовательский Томский политехнический университет (ТПУ)  |b Юргинский технологический институт (филиал) (ЮТИ)  |b Кафедра металлургии и черных металлов (МЧМ)  |h 7136  |2 stltpush  |3 (RuTPU)RU\TPU\col\18892 
801 1 |a RU  |b 63413507  |c 20101016 
801 2 |a RU  |b 63413507  |c 20221102  |g RCR 
856 4 |u http://earchive.tpu.ru/handle/11683/73638 
942 |c BK